| 000 | 00513nam a2200157Ia 4500 | ||
|---|---|---|---|
| 008 | 160316s1992 xxu||||| |||| 00| 0 eng d | ||
| 082 |
_a347.055000 _bJAI |
||
| 100 | _aJain S K | ||
| 245 | _aCertificates, certifications, reports and petitions under various acts, rules, regulations and guidelines | ||
| 250 | _a | ||
| 260 |
_aCalcutta _bChanakya Publications _c1992 |
||
| 300 |
_a478p _b20 cm _c |
||
| 365 | _bRs.325/- | ||
| 650 | _a1.Certificates - Certifications - Reports - Petitions - Formats | ||
| 700 |
_a _a |
||
| 999 |
_c5463 _d5463 |
||